LEADER 01495nam a2200289 u 4500 001 000000022721 003 CaOOAMICUS 005 20070226111146.0 008 950426s1966 gw u000 u ger u 035 $a10571317 040 $aPUL$bita 100 1 $aReinhard, Wolfgang,$d1937-$0(OLS)http://pul/name/19263 245 14$aDie Reform in der Diözese Carpentras :$bunter den Bischöfen Jacopo Sadoleto, Paolo Sadoleto, Jacopo Sacrati und Francesco Sadoleto 1517-1596 /$cvon Wolfang Reinhard. 260 $aMünster Westfalen :$bAschendorff,$c1966. 300 $axx, 283 p. ;$c24 cm 490 1 $aReformationsgeschichtliche Studien und Texte ;$vHft. 94 500 $aComprende indici 504 $aQuellen und Literatur p. ix-xviii 600 14$aSadoleto, Jacopo,$ccard.,$d1477-1547.$0(OLS)http://pul/subject/14149 651 4$aCarpentras (diocesi).$0(OLS)http://pul/subject/14150 830 0$aReformationsgeschichtliche Studien und Texte ;$vHft. 94.$0(OLS)http://pul/title/16757 850 $aPUL 852 $aPUL$W1$xDP1 Fondo Maccarrone$y58$m1507 C 22$j31861$nBK-PRI$b $qFondi$B31861$CPULBib$Z2$F31861 $H $81 941 1 $a1 961 $aINV: 02070 -- Fondo Mons. M. Maccarrone 996 $6245$aDie Reform in der Diözese Carpentras :$bunter den Bischöfen Jacopo Sadoleto, Paolo Sadoleto, Jacopo Sacrati und Francesco Sadoleto 1517-1596$9(OLS)http://pul/title/31635 996 $6260$aMünster Westfalen :$bAschendorff$9(OLS)http://pul/publisher/48269 LEADER 01117nam a2200241 u 4500 001 000000052486 003 CaOOAMICUS 005 20070226115444.0 008 001018s1994 it u000 u ita u 035 $a10858571 040 $aPUL$bita 100 1 $aBucci, Onorato.$0(OLS)http://pul/name/29630 245 10$aA proposito del "recupero del negozio matrimoniale invalido" /$cOnorato Bucci. 260 $aRoma :$bPontificiae Universitatis Lateranensis Institutum Utriusque Iuris,$c1994. 300 $aP. 773-787 ;$c24 cm 500 $aEstr. da: "Apollinaris", LXVII, (1994). 650 4$aMatrimonio (diritto canonico).$0(OLS)http://pul/subject/475 850 $aPUL 852 $aPUL$W1$xSL Cons. Gen., Altre Classi 1$y1$m1381 E$j69385$nBK-PRI$b $qStampati$B69394$CPULBib$Z2$F69394 $H $81 941 1 $a8 960 $aDiritto matrimoniale canonico$9475 996 $6245$aA proposito del "recupero del negozio matrimoniale invalido"$9(OLS)http://pul/title/70398 996 $6260$aRoma :$bPontificiae Universitatis Lateranensis Institutum Utriusque Iuris$9(OLS)http://pul/publisher/68305